000 00827nam0a22002651 4500
001 rc\4248903
005 20250612030135.0
021 _aRU
_b[64-95777]
035 _a(NLR Aleph) 008475035
090 _a7954135
_c7954135
100 _a20130416d1964 |||y0rusy50 ca
101 0 _arus
102 _aRU
105 _aa z |||||
200 1 _aПорошки и пасты из синтетических алмазов и их применение
210 _aКиев
_cТехнiка
_d1964
215 _a21 с.
_cдиагр.
_d16
606 _aАлмазные порошки
_2psbo
606 _aАлмазные пасты
_2psbo
700 1 _aБакуль
_bВ.Н.
_gВалентин Николаевич
801 0 _aRU
_bNLR
_gpsbo
801 1 _aRU
_bELAR
_2rusmarc
852 _aNLR
_j64-2/3516
942 _cBOOK
980 _aNB